000 00610nam a22002057a 4500
005 20250305054241.0
008 250305b |||||||| |||| 00| 0 eng d
020 _a9789385439704
040 _aIN-DiNC
_cIN-DiNC
041 _dasm
082 _a339
_bBHA
100 _aBharali, Ranju Kumar
_eauthor
245 _aSamastigata arthanitir parichay (Major2/Minor2)/
_cby Ranju Kumar Bharali and Sanjib Dutta
250 _a1st ed.
260 _aJorhat:
_bBidya bhawan,
_c2024.
300 _a184p.
650 _aIntroductory macroeconomics (Major2/Minor2)
700 _aDutta, Sanjib
_eauthor
942 _2ddc
_cBK
999 _c12142
_d12142